书目信息 |
| 题名: |
苏联社会主义教育思想与论著选读
|
|
| 作者: | 冯克成 主编 | |
| 分册: | 上册 | |
| 出版信息: | 北京 人民武警出版社 2010 |
|
| 页数: | 323页 | |
| 开本: | 22cm | |
| 丛书名: | 中外教育名家名著精读丛书 | |
| 单 册: | ||
| 中图分类: | G40-095.12 | |
| 科图分类: | ||
| 主题词: | ||
| 电子资源: | ||
| ISBN: | 978-7-80176-450-8 | |
| 000 | 00915oam2 2200277 45 | |
| 001 | 1237570966 | |
| 005 | 20120618100837.45 | |
| 010 | @a978-7-80176-450-8@dCNY39.80(全3册119.40) | |
| 100 | @a20120409e20112010ekmy0chiy0120 ea | |
| 101 | 0 | @achi |
| 102 | @aCN@b110000 | |
| 105 | @ay z 000yy | |
| 106 | @ar | |
| 200 | 1 | @a苏联社会主义教育思想与论著选读@ASu Lian She Hui Zhu Yi Jiao Yu Si Xiang Yu Lun Zhu Xuan Dou@h上册@HShang Ce@f冯克成主编@FFeng Ke Cheng Zhu Bian |
| 210 | @a北京@c人民武警出版社@d2010@h2011 | |
| 215 | @a323页@d22cm | |
| 225 | 2 | @a中外教育名家名著精读丛书 |
| 300 | @a教师必读文库 | |
| 330 | @a全套分中国卷20种外国卷20种共40种,同时出齐。 | |
| 461 | 0 | @12001 @a中国教育名家名著精读丛书 |
| 605 | @a教育思想@x苏联 | |
| 605 | @a教育思想 | |
| 690 | @aG40-095.12@v4 | |
| 701 | 0 | @a冯克成@AFeng Ke Cheng@4主编 |
| 801 | 0 | @aCN@bTSTCL@c20120604 |
| 905 | @b0816756-59@dG40-095.12@e596:1@f4 | |
| 苏联社会主义教育思想与论著选读.上册/冯克成主编.-北京:人民武警出版社,2010(2011) |
| 323页;22cm.-(中外教育名家名著精读丛书) |
| 教师必读文库 |
| ISBN 978-7-80176-450-8:CNY39.80(全3册119.40) |
| 全套分中国卷20种外国卷20种共40种,同时出齐。 |
| ● |
| 相关链接 |
|
|
|
|
正题名:苏联社会主义教育思想与论著选读
索取号:G40-095.12/596:1
 
预约/预借
| 序号 | 登录号 | 条形码 | 馆藏地/架位号 | 状态 | 备注 |
| 1 | 0816756 | 208167561 | 第一样本阅览室/ [索取号:G40-095.12/596:1] | 在馆 | |
| 2 | 0816757 | 208167570 | 第四借阅区/ [索取号:G40-095.12/596:1] | 在馆 | |
| 3 | 0816758 | 208167589 | 第四借阅区/ [索取号:G40-095.12/596:1] | 在馆 | |
| 4 | 0816759 | 208167598 | 教育系资料室/ [索取号:G40-095.12/596:1] | 在馆 |